Miasta w których nie króluje piłka nożna - Statystyki

Ogólne statystyki
  • Ten quiz został rozwiązany 125 razy
  • Średni wynik to 12 z 14
Statystyki odpowiedzi
Miasto Dyscyplina % Poprawnych
Rzeszów Siatkówka
93%
Olsztyn Siatkówka
93%
Zakopane Skoki narciarskie
93%
Wisła Skoki narciarskie
93%
Szczyrk Skoki narciarskie
93%
Sopot Koszykówka
90%
Wałbrzych Koszykówka
90%
Leszno Żużel
85%
Zielona Góra Żużel
85%
Gorzów Wielkopolski Żużel
85%
Toruń Żużel
85%
Lublin Piłka ręczna
82%
Puławy Piłka ręczna
82%
Nowy Targ Hokej na lodzie
40%
Nie znaleziono quizów pasujących do podanych kryteriów
Rozkład punktacji
Procent ludzi z każdym wynikiem
Percentyl według liczby udzielonych odpowiedzi
Twoja historia wyników
Nie rozwiązałeś tego quizu